000 00610nam a2200229Ia 4500
005 20250508164403.0
008 008 250505s9999 xx 000 0 hin d
020 _a978-81-267-0744-7
037 _aTextual
040 _aFEDL
_beng
_cFEDL
041 _ahin
_2eng
084 _a891.43, NAM
_qFEDL
100 _aNamwar Singh
245 0 _aKavita ke naye pratiman
250 _a4th
260 _aNew Delhi, India
_bRaj Kamal Prakashan Pvt Ltd
_c1990
300 _a251p
365 _aINR
_b250
650 _aHindi literature
942 _cTEXL
_h891.43, NAM
999 _c1388886
_d1388886